Estadísticas para Países por Imagen de Satélite

Haz click aquí para intentar la prueba.

Estadísticas generales

  • Esta prueba ha sido intentada 4.639 veces
  • La puntuación promedio es 12 de 16

Estadísticas de respuestas

Respuesta% Correcto
Italia
100%
Australia
99%
Reino Unido
97%
China
94%
Francia
94%
Islandia
94%
Portugal
92%
Brasil
86%
Panamá
86%
Bahamas
61%
Malasia
59%
Túnez
51%
Fiyi
47%
Tanzania
42%
Cabo Verde
41%
Emiratos Árabes Unidos
41%

Distribución de puntuación

Porcentaje por número respondido

Porcentaje de gente con cada puntuación

Historial de tus puntuaciones

No has intentado esta prueba.